Marketing - nutnosť dnešnej praxe

Saved in:
Bibliographic Details
Main Author: Lieskovská, Vanda, 1961-
Other Authors: Lissauerová, Darina
Format: Book Chapter
Language:Slovak
Tags: Add Tag
No Tags, Be the first to tag this record!

MARC

LEADER 00000naa$a2200000$$$4500
001 0098399
005 20240502072103.7
041 0 |a slo 
044 |a SK 
245 1 0 |a Marketing - nutnosť dnešnej praxe  |c Vanda Lieskovská, Darina Lissauerová 
100 1 |a Lieskovská, Vanda, 1961- 
700 1 |a Lissauerová, Darina